|
|
|
|
| LEADER |
00000nam a2200000 a 4500 |
| 001 |
vtls010205105 |
| 003 |
SK-MaSNL |
| 005 |
20260301031410.0 |
| 008 |
240314 000 0 eng |
| 040 |
|
|
|a SNK
|b slo
|c SNK
|e AACR2
|
| 100 |
1 |
|
|a Janek, František,
|d 1918-1964
|4 aut
|9 185362
|
| 245 |
1 |
0 |
|a Vzájomné vzťahy čechov a slovákov v historickom vývine
|b diafilm
|n 1. časť
|c František Janek
|
| 260 |
|
|
|a Bratislava
|b Populárnovedecký film - Diafilm
|c 1959
|e Bratislava
|f Západoslovenské tlačiarne
|
| 300 |
|
|
|a 18 s.
|
| 999 |
|
|
|c 576539
|d 578469
|
| 952 |
|
|
|a SNK
|b SNK
|y PREZ
|7 0
|p 17A0683872
|o snkSD 19587/1
|i snkKSP 4997/60
|0 0
|1 0
|4 0
|d 2011-01-19
|l 0
|r 2025-12-03 00:00:00
|w 2026-02-23
|